[Event "Chesterfield SPICE Cup op"]
[Site "Chesterfield"]
[Date "2022.12.21"]
[Round "6"]
[White "Wang, Justin"]
[Black "Nyzhnyk, Illya"]
[Result "1/2-1/2"]
[WhiteElo "2471"]
[BlackElo "2658"]
[PlyCount "50"]
[EventDate "2022.12.18"]
[EventType "swiss"]
[EventRounds "9"]
[EventCountry "USA"]
[SourceTitle "CBM 212 Extra"]
[Source "ChessBase"]
[SourceDate "2023.03.31"]
[SourceVersion "1"]
[SourceVersionDate "2023.03.31"]
[SourceQuality "1"]

1. d4 d5 2. c4 c6 3. Nf3 Nf6 4. e3 e6 5. Nc3 Nbd7 6. Qc2 Bd6 7. Bd3 dxc4 8. Bxc4 b5 9. Bd3 Bb7 10. 0-0 a6 11. Rd1 Qc7 12. h3 c5 13. dxc5 Bxf3 14. gxf3 Nxc5 15. Bf1 0-0 16. Bd2 Rac8 17. a3 Qb7 18. Bg2 a5 19. f4 Qb8 20. Be1 Be7 21. b4 axb4 22. axb4 Nb7 23. Qb1 Nd6 24. Ne2 Nf5 25. Ra8 Qb6 1/2-1/2

[Event "Chesterfield SPICE Cup op"]
[Site "Chesterfield"]
[Date "2022.12.19"]
[Round "3"]
[White "Lee, Alice"]
[Black "Wang, Justin"]
[Result "1/2-1/2"]
[WhiteElo "2292"]
[BlackElo "2471"]
[PlyCount "96"]
[EventDate "2022.12.18"]
[EventType "swiss"]
[EventRounds "9"]
[EventCountry "USA"]
[SourceTitle "CBM 212 Extra"]
[Source "ChessBase"]
[SourceDate "2023.03.31"]
[SourceVersion "1"]
[SourceVersionDate "2023.03.31"]
[SourceQuality "1"]

1. d4 Nf6 2. c4 c5 3. d5 b5 4. cxb5 a6 5. bxa6 g6 6. Nc3 Bg7 7. e4 0-0 8. Bc4 Qa5 9. a7 Rxa7 10. Bd2 Ba6 11. b3 Bxc4 12. bxc4 Qa6 13. e5 Ne8 14. Nb5 Rb7 15. Nf3 d6 16. 0-0 dxe5 17. Bc3 Nd7 18. Qe2 Nd6 19. a4 e4 20. Ng5 Bxc3 21. Nxc3 Qxc4 22. Qxc4 Nxc4 23. Ngxe4 Rfb8 24. h4 Rb4 25. Rfb1 h6 26. Re1 Kf8 27. h5 gxh5 28. Ng3 Nd6 29. Nxh5 Rc4 30. Ra3 Ra8 31. Ng3 Nb6 32. a5 Rb4 33. Ra2 Nbc4 34. Nge4 Rxa5 35. Rxa5 Nxa5 36. Nxc5 Rc4 37. N3e4 Nxe4 38. Nxe4 Rd4 39. Nc3 Nc4 40. Re4 Rxe4 41. Nxe4 Kg7 42. Kf1 f5 43. Nc5 Kf6 44. Nd7+ Kg5 45. Ke2 f4 46. Kd3 Nd6 47. Ne5 h5 48. Nc6 Kf6 1/2-1/2

[Event "Chesterfield SPICE Cup op"]
[Site "Chesterfield"]
[Date "2022.12.18"]
[Round "1"]
[White "Gutla, Aryan"]
[Black "Wang, Justin"]
[Result "1/2-1/2"]
[WhiteElo "2227"]
[BlackElo "2471"]
[PlyCount "105"]
[EventDate "2022.12.18"]
[EventType "swiss"]
[EventRounds "9"]
[EventCountry "USA"]
[SourceTitle "CBM 212 Extra"]
[Source "ChessBase"]
[SourceDate "2023.03.31"]
[SourceVersion "1"]
[SourceVersionDate "2023.03.31"]
[SourceQuality "1"]

1. d4 Nf6 2. c4 e6 3. g3 d5 4. Bg2 Bb4+ 5. Bd2 Be7 6. Nf3 0-0 7. 0-0 c6 8. Qc2 b6 9. Bf4 Nbd7 10. Nbd2 Bb7 11. e4 dxe4 12. Nxe4 c5 13. Nxf6+ Nxf6 14. Rad1 Qc8 15. Qe2 cxd4 16. Nxd4 Rd8 17. Nf5 exf5 18. Qxe7 Rxd1 19. Rxd1 Bxg2 20. Kxg2 h6 21. b3 Qc6+ 22. f3 Re8 23. Rd8 Rxd8 24. Qxd8+ Kh7 25. Qe7 Qe6 26. Qxe6 fxe6 27. Bb8 a6 28. Bc7 Nd7 29. b4 b5 30. c5 Nf6 31. Be5 Nd5 32. c6 Kg8 33. c7 Ne7 34. Kf2 Kf7 35. Ke3 Ke8 36. Kd4 Kd7 37. Kc5 Nd5 38. Bxg7 Nxc7 39. Bxh6 e5 40. Bd2 Ne6+ 41. Kd5 Nd4 42. f4 Nf3 43. Be3 e4 44. h3 Ke7 45. g4 Kf6 46. Bf2 Nh2 47. Bh4+ Kg6 48. Ke6 fxg4 49. f5+ Kh5 50. f6 Kxh4 51. f7 g3 52. f8Q g2 53. Qh6+ 1/2-1/2

[Event "USA-ch U20"]
[Site "Saint Louis"]
[Date "2022.07.09"]
[Round "3"]
[White "Wang, Justin"]
[Black "Hong, Andrew Z"]
[Result "1/2-1/2"]
[WhiteElo "2469"]
[BlackElo "2504"]
[PlyCount "78"]
[EventDate "2022.07.07"]
[EventType "tourn"]
[EventRounds "9"]
[EventCountry "USA"]
[EventCategory "10"]
[SourceTitle "CBM 209 Extra"]
[Source "ChessBase"]
[SourceDate "2022.09.30"]
[SourceVersion "1"]
[SourceVersionDate "2022.09.30"]
[SourceQuality "1"]

1. Nf3 Nf6 2. c4 c5 3. Nc3 Nc6 4. g3 d5 5. d4 cxd4 6. Nxd4 dxc4 7. Nxc6 Qxd1+ 8. Nxd1 bxc6 9. Bg2 Nd5 10. Ne3 e6 11. Nxc4 Ba6 12. b3 Bb4+ 13. Bd2 Ke7 14. Rc1 Rac8 15. a3 Bxd2+ 16. Nxd2 c5 17. Bf3 Rhd8 18. Rc2 f5 19. 0-0 g5 20. h3 Nf6 21. Nc4 Bxc4 22. Rxc4 Rb8 23. Rb1 Rdc8 24. b4 cxb4 25. Rxc8 Rxc8 26. Rxb4 Rc7 27. g4 Nd7 28. h4 h6 29. hxg5 hxg5 30. gxf5 exf5 31. Rb5 Kf6 32. Ra5 g4 33. Bg2 Ne5 34. e3 Ng6 35. Kh2 Ne5 36. Kg3 Nc4 37. Ra6+ Ke5 38. Bf1 Nd6 39. Bg2 Nc4 1/2-1/2